Multiple Choice City Quiz - Spokane - Statistics

General Stats
  • This quiz has been taken 49 times
  • The average score is 7 of 10
Answer Stats
Question Answer % Correct
Spokane's combined statistical area extends into which bordering U.S. state? Idaho
92%
Which holiday on the third Sunday of June was founded in Spokane in 1909? Father's Day
87%
Known as the first multimedia star, which singer who famously sings Christmas songs, was raised in Spokane? Bing Crosby
74%
What lakeside and unofficial twin city of Spokane is famous for being a summer destination for celebrities such as Mark Wahlberg, Justin Bieber, and the Kardashians? Coeur d'Alene
74%
Which Park is at the center of Spokane, home to the United States Pavilion and the Great Northern Clocktower? Riverfront Park
71%
What is the name of the region surrounding Spokane that includes cities such as Missoula, Wenatchee, Yakima, and the Tri-Cities? The Inland Northwest
66%
Spokane annually hosts Bloomsday, which is what outdoor sporting event? A marathon
58%
Which famous point guard for the Utah Jazz was name dropped in Kendrick Lamar's hit song "Not Like Us"? John Stockton
53%
Which flower is the namesake of Spokane's nickname, also known as its genus name of syringa? Lilac
53%
The movie Vision Quest, which came out in 1985, was the first film appearance of which famous American singer who performed at the Bigfoot Pub? Madonna
42%
No matching quizzes found
Score Distribution
Percent of People with Each Score
Percentile by Number Answered
Your Score History
You have not taken this quiz